| 000 | 00364nam a2200169Ia 4500 | ||
|---|---|---|---|
| 008 | 210210b1862 xxu||||| |||| 00| 0 eng d | ||
| 041 | _aeng | ||
| 082 | _a444/346 | ||
| 100 | _aFEUILLET (O) | ||
| 245 | _aHistoire de sibvlle | ||
| 260 |
_aLondon _b- _c1862 |
||
| 650 | _asibvlle | ||
| 650 | _aHistoire | ||
| 650 | _ade | ||
| 690 | _aFrench | ||
| 906 | _a006541 | ||
| 999 |
_c129530 _d129530 |
||